00556nam a2200157 a 450000100100000000500170001000800410002704000250006810000310009324500700012426000460019430000270024004900090026795201050027699900170038100002770520200930031031.0110404s1972 dr 000 0 spa d aDO-SdBNPbspacBNPHU1 aGarcía, Láutico92341013aLa iglesia dominicana entre dos dictaduras /cLáutico García. aSanto Domingo :bImprenta Félix,c1972. a61 P. :bil. ;c21 cm. aBNPD 0010718PDaPDbPDcCTd2011-04-04iLF1l0o p27705-10r2020-06-25w2020-06-25yLFPDZNo se presta c27197d27197